[Event "Val Thorens op"]
[Site "Val Thorens"]
[Date "1991.??.??"]
[Round "?"]
[White "Kirov, Nino"]
[Black "David, Adrian"]
[Result "1-0"]
[WhiteElo "2495"]
[BlackElo "2295"]

1.Nf3 Nf6 2.g3 g6 3.Bg2 Bg7 4.c4 O-O 5.O-O c5 6.d4 d6 7.Nc3 Nc6 8.d5 Na5
9.Nd2 a6 10.Rb1 Rb8 11.b3 b5 12.Bb2 Re8 13.Qc2 e6 14.e4 bxc4 15.bxc4 Bd7
16.Ba1 Qc7 17.Rxb8 Rxb8 18.Nd1 exd5 19.cxd5 Rb4 20.Bc3 Ra4 21.Re1 Bb5 22.e5 dxe5
23.Bxe5 Qb6 24.Nc3 Rg4 25.f4 c4+ 26.Kh1 Bd7 27.Rb1 Qf2 28.Bxf6 Bxf6 29.Nce4 Qd4
30.Nf3  1-0

[Event "Vienna op"]
[Site "Vienna"]
[Date "1991.??.??"]
[Round "5"]
[White "Rotstein, Arkadij"]
[Black "Cvitan, Ognjen"]
[Result "1/2-1/2"]
[WhiteElo "2390"]
[BlackElo "2495"]

1.Nf3 Nf6 2.c4 g6 3.g3 Bg7 4.Bg2 O-O 5.O-O d6 6.Nc3 c6 7.d3 Re8 8.Rb1 a5
9.a3 e5 10.b4 axb4 11.axb4 d5 12.Nd2 Be6 13.cxd5 cxd5 14.Nb3 Nbd7 15.Bg5 h6
16.Bxf6 Nxf6 17.Nc5 Bc8 18.Qb3 b6 19.Nxd5 bxc5 20.Nxf6+ Bxf6 21.Bxa8 Be6
22.Qa4 Qxa8 23.Qxa8 Rxa8 24.bxc5 Rc8 25.Rfc1 Be7 26.c6 Bd6 27.Rb7 Kg7  1/2-1/2

[Event "Vienna op"]
[Site "Vienna"]
[Date "1991.??.??"]
[Round "7"]
[White "Rotstein, Arkadij"]
[Black "Wahls, Matthias"]
[Result "1-0"]
[WhiteElo "2390"]
[BlackElo "2560"]

1.Nf3 Nf6 2.c4 g6 3.g3 Bg7 4.Bg2 O-O 5.O-O d6 6.Nc3 Nc6 7.Rb1 a5 8.d3 e5
9.Bg5 h6 10.Bxf6 Qxf6 11.a3 Qd8 12.b4 axb4 13.axb4 Ne7 14.Qc2 c6 15.Nd2 d5
16.e4 Be6 17.Rfd1 Qd6 18.exd5 cxd5 19.cxd5 Nxd5 20.Nc4 Qd8 21.Nxd5 Bxd5 22.Bxd5 Qxd5
23.Nb6 Ra2 24.Qc4 Qe6 25.Nd7 Re8 26.Nc5 Qxc4 27.dxc4 b6 28.Nd7 Re6 29.b5 e4
30.Rb3 Bf8 31.c5 Bxc5 32.Nxc5 bxc5 33.Rd8+ Kg7 34.b6 e3 35.fxe3 c4 36.Rb1 Rxe3
37.b7 Ree2 38.b8=Q Rg2+ 39.Kf1 Rgf2+ 40.Ke1 Rae2+ 41.Kd1 c3 42.Rg8+ Kh7 43.Rh8+ Kg7
44.Qf8+ Kf6 45.Rb6+  1-0

[Event "Vienna op"]
[Site "Vienna"]
[Date "1991.??.??"]
[Round "9"]
[White "Cvitan, Ognjen"]
[Black "Fishbein, Alexander"]
[Result "1-0"]
[WhiteElo "2495"]
[BlackElo "2460"]

1.Nf3 Nf6 2.c4 g6 3.g3 Bg7 4.Bg2 O-O 5.O-O d6 6.d4 Nbd7 7.Nc3 e5 8.e4 c6
9.h3 Qb6 10.Re1 exd4 11.Nxd4 Ne8 12.Nb3 a5 13.Be3 Qb4 14.a3 Qxc4 15.Nd4 f6
16.Bf1 Qf7 17.b3 Kh8 18.f4 Qe7 19.Bf2 Nc7 20.Ra2 Nc5 21.Rd2 N7e6 22.Nf5 gxf5
23.exf5 d5 24.b4 axb4 25.axb4 Qc7 26.bxc5 Nxf4 27.gxf4 Qxf4 28.Be3 Qxf5 29.Rg2 Rg8
30.Bd4 Qf4 31.Re3 Bd7 32.Reg3 Qh4 33.Bf2 Qf4 34.Bd3 Qe5 35.Bb1 Bh6 36.Qd3 Qe7
37.Bd4 Rgf8 38.Rg8+ Rxg8 39.Bxf6+  1-0

[Event "Vrnjacka Banja"]
[Site "Vrnjacka Banja"]
[Date "1991.??.??"]
[Round "2"]
[White "Huzman, Alexander"]
[Black "Hebden, Mark"]
[Result "1/2-1/2"]
[WhiteElo "2475"]
[BlackElo "2475"]

1.Nf3 Nf6 2.c4 g6 3.g3 Bg7 4.Bg2 O-O 5.O-O d6 6.Nc3 Nc6 7.d4 Rb8 8.b3 a6
9.a4 Bg4 10.Bb2 Nd7 11.d5 Bxf3 12.Bxf3 Na5 13.Qc2 c6 14.Rab1 Ne5 15.Bg2 b5
16.axb5 cxb5 17.cxb5 axb5 18.Rfc1 Qb6  1/2-1/2

[Event "Waldshut BM"]
[Site "Waldshut"]
[Date "1991.??.??"]
[Round "2"]
[White "Schuh, Hubert"]
[Black "Pfrommer, Christoph"]
[Result "1/2-1/2"]
[WhiteElo "2375"]
[BlackElo "2300"]

1.Nf3 Nf6 2.c4 g6 3.g3 Bg7 4.Bg2 O-O 5.O-O c6 6.d4 d5 7.cxd5 cxd5 8.Nc3 Ne4
9.Ne5 Nxc3 10.bxc3 Nc6 11.Ba3 Nxe5 12.dxe5 Bxe5 13.Qxd5 Qc7 14.Rab1 Rb8 15.Qc5 Qxc5
16.Bxc5 b6 17.Bxe7 Re8 18.Bg5 Bg4 19.Bf3 Bxf3 20.exf3 Bxc3 21.Rfd1 f6 22.Be3 Rb7
23.Rb3 Be5 24.f4 Bb8 25.Rd5 Kf7 26.f5 Re5 27.fxg6+ hxg6 28.Rd8 Re8 29.Rd5 Re5
30.Rd8 Re8 31.Rd5  1/2-1/2

[Event "Werfen"]
[Site "Werfen"]
[Date "1991.??.??"]
[Round "3"]
[White "Mandl, Robert"]
[Black "Schwartzman, Gabriel"]
[Result "1/2-1/2"]
[WhiteElo "2395"]
[BlackElo "2360"]

1.c4 Nf6 2.Nf3 g6 3.g3 Bg7 4.Bg2 O-O 5.O-O c6 6.d4 d5 7.b3 a5 8.Nc3 Ne4 9.Bb2 Nxc3
10.Bxc3 Nd7 11.Re1 Nf6 12.Ne5 Ne4 13.Bb2 Qb6 14.e3 Rd8 15.Nd3 Nf6 16.cxd5 cxd5
17.Ba3 Bf8 18.Rc1 Bf5 19.Bc5 Qa6 20.Bf1 b6 21.Ne5 Qb7 22.Ba3 Rac8 23.Bb5 Rxc1
24.Bxc1 Rc8 25.g4 Bd7 26.Nxd7 Nxd7 27.Qe2 Nb8 28.Bb2 Rc7 29.a3 Qc8 30.Bd3 Nd7
31.f3 Nf6 32.h4 h5 33.g5 Ne8 34.Kg2 Nd6 35.e4 e6 36.Qd2 a4 37.bxa4 Nc4 38.Bxc4 Rxc4
39.Rc1 Qc6 40.Rxc4 Qxc4 41.e5 Qxa4 42.Qd3 b5 43.Kf2 b4 44.axb4 Bxb4 45.Qe2 Qa2
46.Bc1 Qxe2+ 47.Kxe2 Kf8 48.Bd2 Be7 49.Kd3 Ke8 50.Kc2 Kd7 51.Kb3 Kc6 52.Ka4 Bd8
53.Ba5  1/2-1/2

[Event "Werfen op"]
[Site "Werfen"]
[Date "1991.??.??"]
[Round "4"]
[White "Piven, Igor"]
[Black "Kranzl, Peter"]
[Result "1/2-1/2"]
[WhiteElo "2335"]
[BlackElo "2310"]

1.Nf3 Nf6 2.c4 g6 3.g3 Bg7 4.Bg2 O-O 5.O-O d6 6.d4 c6 7.Nc3 Qa5 8.e4 Qh5
9.Qd2 e5 10.d5 Bh3 11.Qg5 Bxg2 12.Kxg2 Na6 13.Qxh5 Nxh5 14.Rd1 Rfd8 15.Bg5 f6
16.Be3 Bf8 17.Ne1 Be7 18.Nd3 c5 19.g4 Ng7 20.a3 Rac8 21.Rdc1 Ne8 22.f3 Nb8
23.Ne2 Nd7 24.b4 b6 25.Rab1 Rb8 26.Ng3 a5 27.bxc5  1/2-1/2

[Event "Werfen op"]
[Site "Werfen"]
[Date "1991.??.??"]
[Round "6"]
[White "Neckar, Lubomir"]
[Black "Ziger, Silvestar"]
[Result "1-0"]
[WhiteElo "2345"]
[BlackElo "2115"]

1.Nf3 Nf6 2.c4 g6 3.g3 Bg7 4.Bg2 O-O 5.d4 d6 6.Nc3 c6 7.O-O a6 8.e4 Nfd7
9.Re1 b5 10.e5 bxc4 11.e6 fxe6 12.Ng5 Nf6 13.Bh3 Qb6 14.Bxe6+ Bxe6 15.Nxe6 Re8
16.Qe2 Nbd7 17.Qxc4 Kh8 18.Bf4 Nf8 19.Nxg7 Kxg7 20.Re2 Rad8 21.Rae1 e6 22.Bg5 h6
23.Bxf6+ Kxf6 24.d5 Kg7 25.dxe6 d5 26.Na4 Qa7 27.Qxc6 Qe7 28.Qxa6 Ra8 29.Qb5 Red8
30.Nb6 Rab8 31.Nxd5 Qg5 32.Qc4 Nh7 33.e7 Re8 34.Nc7  1-0

[Event "Zalakaros op"]
[Site "Zalakaros"]
[Date "1991.??.??"]
[Round "7"]
[White "Badea, Bela"]
[Black "Portisch, Gabor"]
[Result "1/2-1/2"]
[WhiteElo "2455"]
[BlackElo "2275"]

1.Nf3 Nf6 2.c4 g6 3.g3 Bg7 4.Bg2 O-O 5.O-O Re8 6.d4 d6 7.Nc3 Nbd7 8.h3 c6
9.e4 e5 10.Be3 a5 11.Qc2 a4 12.Rad1 Qa5 13.d5 Bf8 14.Ne1 Nh5 15.Bd2 Nc5 16.b4 axb3
17.axb3 Qa3 18.Rb1 f5 19.Nf3 Nf6 20.Ng5 Ncxe4 21.Ngxe4 Nxe4 22.Nxe4 fxe4
23.g4 cxd5 24.cxd5 Bd7 25.Qxe4 Bb5 26.Rfc1 Rac8 27.Be3 Rxc1+ 28.Rxc1 Qxb3
29.Rb1 Qd3 30.Qxd3 Bxd3 31.Rxb7 Re7 32.Rb8 Kf7 33.Bb6 Re8 34.Rb7+ Re7 35.Bc7 Bh6
36.Ra7 Bf4 37.Bb6 Rxa7 38.Bxa7 e4 39.Bd4 Be5 40.Bb6 Bf4 41.Bd4 h5 42.Bf1 hxg4
43.hxg4 Bc2 44.Ba6 Bb3 45.Bb7 Bc4 46.Kg2 g5 47.Bc6 Ke7 48.f3 e3 49.Bb6 e2
50.Ba5 Be3 51.Kg3 Bd4 52.Be1  1/2-1/2

[Event "Zuerich op"]
[Site "Zuerich"]
[Date "1991.??.??"]
[Round "5"]
[White "Trauth, Michael"]
[Black "Cvitan, Ognjen"]
[Result "1/2-1/2"]
[WhiteElo "2245"]
[BlackElo "2535"]

1.Nf3 Nf6 2.c4 g6 3.g3 Bg7 4.Bg2 O-O 5.Nc3 d5 6.cxd5 Nxd5 7.O-O Nc6 8.Nxd5 Qxd5
9.d3 a5 10.a4 Qh5 11.Qc2 Bg4 12.Be3 Rfc8 13.Ra3 Nb4 14.Qd2 Nd5 15.Bd4 e5
16.Bc3 Nxc3 17.bxc3 Rd8 18.Qc2 Rab8 19.Rb3 b6 20.Rfb1 Rd6 21.c4 Rbd8 22.c5 Rc6
23.Rb5 Bf8 24.Nxe5 Rxc5 25.Rxc5 Bxc5 26.Nxg4 Qxg4  1/2-1/2

[Event "Ajka op"]
[Site "Ajka"]
[Date "1992.??.??"]
[Round "2"]
[White "Loginov, Valery A"]
[Black "Afek, Yochanan"]
[Result "0-1"]
[WhiteElo "2540"]
[BlackElo "2365"]

1.Nf3 Nf6 2.g3 g6 3.Bg2 Bg7 4.c4 O-O 5.O-O d6 6.d4 Nc6 7.Nc3 Rb8 8.h3 a6
9.Be3 b5 10.Nd2 Bd7 11.d5 Ne5 12.cxb5 axb5 13.Rc1 Qc8 14.Kh2 c5 15.Bg5 h6
16.Bxf6 Bxf6 17.b3 g5 18.b4 cxb4 19.Nce4 Nc4 20.Nxf6+ exf6 21.Ne4 Qd8 22.Qd4 Kg7
23.f4 g4 24.hxg4 Bxg4 25.Nf2 Bd7 26.Bf3 Qb6 27.Qd3 Ra8 28.Rb1 Rxa2 29.Ne4 Qe3
30.Qxe3 Nxe3 31.Rfc1 Nxd5 32.Kg1 Bf5 33.Rb3 Bxe4 34.Bxe4 Nc3 35.Bd3 Nxe2+
36.Bxe2 Rxe2 37.Rxb4 Ra8 38.Rxb5 Ra3 39.Kf1 Rh2 40.Kg1 Rd2 41.Kh1 Rxg3 42.Rh5 d5
43.Rh2 Rdd3  0-1

[Event "Ajka op"]
[Site "Ajka"]
[Date "1992.??.??"]
[Round "3"]
[White "Vadasz, Laszlo"]
[Black "Sutovskij, Emil"]
[Result "1-0"]
[WhiteElo "2305"]
[BlackElo "2265"]

1.Nf3 Nf6 2.c4 g6 3.g3 Bg7 4.Bg2 O-O 5.O-O d6 6.d4 Nbd7 7.Nc3 e5 8.e4 c6
9.h3 Qa5 10.Be3 Nb6 11.Nd2 exd4 12.Bxd4 Be6 13.Qf3 Nfd7 14.Bxg7 Kxg7 15.b3 Ne5
16.Qe3 Qc5 17.Qxc5 dxc5 18.f4 Rad8 19.Rf2 Nd3 20.Re2 f5 21.Nf3 Rfe8 22.Rd1 fxe4
23.Rxe4 Bf5 24.Rxe8 Rxe8 25.g4 Nxf4 26.gxf5 Re3 27.Nb1 gxf5 28.Nbd2 Kf6 29.Re1 Rc3
30.Re8 Nd7 31.Ra8 a6 32.Ra7 Ne5 33.Nxe5 Kxe5 34.Rxb7 Kd6 35.Nf1 Rc2 36.Ne3 Rxa2
37.Nxf5+ Ke5 38.Nh4 Kd4 39.Rxh7 Kc3 40.Rf7 Ne2+ 41.Kh2 Kxb3 42.Ng6 a5 43.h4 a4
44.h5 a3 45.h6 Rd2 46.h7 Rd8 47.Nf8  1-0

[Event "Ajka op"]
[Site "Ajka"]
[Date "1992.??.??"]
[Round "3"]
[White "Vaulin, Alexander"]
[Black "Afek, Yochanan"]
[Result "1/2-1/2"]
[WhiteElo "2515"]
[BlackElo "2365"]

1.c4 Nf6 2.g3 g6 3.Bg2 Bg7 4.Nf3 O-O 5.d4 d6 6.O-O c5 7.d5 b5 8.cxb5 a6 9.bxa6 Bxa6
10.Nc3 Nbd7 11.Re1 Qa5 12.Rb1 Rfb8 13.b3 Ne8 14.Na4 Bb5 15.Bd2 Qa7 16.Nc3 Qa3
17.Bc1 Qa5 18.Nxb5 Qxb5 19.Qc2 Qa6 20.a4 c4 21.bxc4 Rxb1 22.Qxb1 Qxc4 23.Qb7 Qxa4
24.Bh3 Nef6 25.Bxd7 Nxd7 26.Bg5 Ra7 27.Qc6 Bf6 28.Be3 Ra8 29.Rb1 Kg7 30.Kg2 Ne5
31.Nxe5 Bxe5 32.Qxa4  1/2-1/2

[Event "Ajka op"]
[Site "Ajka"]
[Date "1992.??.??"]
[Round "9"]
[White "Vaulin, Alexander"]
[Black "Ryskin, Alexander"]
[Result "1/2-1/2"]
[WhiteElo "2515"]
[BlackElo "2445"]

1.c4 Nf6 2.g3 g6 3.Bg2 Bg7 4.Nf3 O-O 5.O-O d6 6.d4 Nc6 7.Nc3 a6 8.h3 Bf5
9.d5 Na5 10.Nd4 Bd7 11.b3 Qc8 12.Kh2 c5 13.dxc6 bxc6 14.Be3 c5 15.Nf3 Nc6
16.Qd2 Re8 17.Bh6 Bh8 18.Rac1 Rb8 19.e4 a5 20.Rfe1 Nd4 21.Nxd4 cxd4 22.Nd5 Qc5
23.Bg5 Nxd5 24.exd5 Be5 25.f4 Bf6 26.Bxf6  1/2-1/2

[Event "Alicante op"]
[Site "Alicante"]
[Date "1992.??.??"]
[Round "3"]
[White "Pigusov, Evgeny"]
[Black "Sorin, Ariel"]
[Result "1-0"]
[WhiteElo "2550"]
[BlackElo "2415"]

1.Nf3 Nf6 2.c4 g6 3.g3 Bg7 4.Bg2 O-O 5.d4 d6 6.O-O c5 7.Nc3 Nc6 8.dxc5 dxc5
9.Bf4 Be6 10.Ne5 Nh5 11.Nxc6 bxc6 12.Be3 Rb8 13.Qc1 Qa5 14.Bd2 Bxc4 15.Nd5 Qd8
16.Nxe7+ Qxe7 17.Qxc4 Rxb2 18.Be3 Bd4 19.Bxd4 cxd4 20.Bf3 c5 21.Rac1 Rc8
22.Rfd1 Rc7 23.a3 Ng7 24.Rxd4 Ne6 25.Re4 h5 26.Qc3 Rb6 27.h4 c4 28.Rxc4 Rxc4
29.Qxc4 Qxa3 30.Kg2 a5 31.Rd1 Rd6 32.Rb1 Qc5 33.Qa4 Rb6 34.Rd1 Rb4 35.Qa1 a4
36.Rd5 Qb6 37.Rd7 Nf8 38.Re7 Qd4 39.Qa2 Ne6 40.Re8+ Kg7 41.Ra8 Nc5 42.e3 Qe5
43.Qd2 Rc4 44.Qd8 Kh6 45.Qf8+ Qg7 46.Qe7 Nd3 47.Be2 Ne1+ 48.Kh3 Rc6 49.Rxa4 Rc2
50.Rf4 f6 51.Qxg7+ Kxg7 52.Bb5 g5 53.hxg5 fxg5 54.Rf5 Kh6 55.g4 Rb2 56.Be8 h4
57.Bb5 Rb3 58.Bc6 Nd3 59.Be4 Nf4+ 60.Kh2 Rb4 61.exf4 Rxe4 62.fxg5+ Kg6  1-0

[Event "Altensteig"]
[Site "Altensteig"]
[Date "1992.??.??"]
[Round "2"]
[White "Stangl, Markus"]
[Black "Stefansson, Hannes"]
[Result "0-1"]
[WhiteElo "2475"]
[BlackElo "2445"]

1.Nf3 Nf6 2.c4 g6 3.g3 Bg7 4.Bg2 O-O 5.d4 d6 6.O-O Nbd7 7.Qc2 e5 8.Rd1 Re8
9.dxe5 dxe5 10.e4 c6 11.h3 Qc7 12.c5 b6 13.b4 a5 14.cxb6 Qxb6 15.bxa5 Qxa5
16.Be3 Ba6 17.Nbd2 Bb5 18.Bf1 Qa4 19.Rdc1 Bf8 20.Rab1 Bxf1 21.Kxf1 c5 22.Rb2 Qc6
23.Bg5 Ra3 24.Kg2 Rea8 25.Bxf6 Qxf6 26.Qc4 Nb6 27.Qb5 R8a6 28.Qe8 c4 29.Rbc2 R6a5
30.Nh2 h5 31.Nxc4 Nxc4 32.Rxc4 Rxa2 33.Nf3 R5a3 34.R4c3 Rxc3 35.Rxc3 Qb6  0-1

[Event "ARG-ch"]
[Site "ARG"]
[Date "1992.??.??"]
[Round "?"]
[White "Giardelli, Sergio C"]
[Black "Needleman, Alejandro"]
[Result "1/2-1/2"]
[WhiteElo "2430"]
[BlackElo "2340"]

1.c4 Nf6 2.Nf3 g6 3.g3 Bg7 4.Bg2 O-O 5.O-O c5 6.Nc3 d5 7.cxd5 Nxd5 8.Ne4 c4
9.Nc3 Nc6 10.Ng5 e6 11.Nxd5 exd5 12.d3 cxd3 13.Qxd3 Nd4 14.Bf4 Re8 15.e3 Bf5
16.Qd2 Ne6 17.Nxe6 Bxe6 18.Rac1 Rc8 19.Rxc8 Qxc8 20.Rc1 Qd7 21.b3 Rc8 22.Rxc8+ Qxc8
23.Bxd5 Qd7 24.e4 Bh3 25.f3 h5 26.Be3 Qb5 27.Bc4 Qe5 28.Qc1 Qa5 29.a4 a6
30.Kf2 b5 31.axb5 axb5 32.Be2 Be6 33.Qc5 Bxb3 34.Qxb5 Qa2 35.Qd3 Qb2 36.f4 Be6
37.f5 gxf5 38.exf5 Qf6 39.Bf4 Bxf5 40.Qe3 Bg6 41.Kg2  1/2-1/2

[Event "Akropolis op"]
[Site "Athens"]
[Date "1992.??.??"]
[Round "4"]
[White "Szekely, Peter"]
[Black "Makropoulou, Marina"]
[Result "1/2-1/2"]
[WhiteElo "2450"]
[BlackElo "2305"]

1.Nf3 Nf6 2.c4 g6 3.g3 Bg7 4.Bg2 O-O 5.d4 d6 6.Nc3 Nc6 7.O-O a6 8.h3 Bd7
9.e4 e5 10.Be3 h6 11.Rc1 exd4 12.Nxd4 Re8 13.Re1 Kh7 14.b3 Qc8 15.Kh2 Re5
16.f3 Rh5 17.h4 g5 18.Nd5 gxh4 19.Nxf6+  1/2-1/2

[Event "Bad Ragaz op"]
[Site "Bad Ragaz"]
[Date "1992.??.??"]
[Round "8"]
[White "Cvitan, Ognjen"]
[Black "Weindl, Alfred"]
[Result "1-0"]
[WhiteElo "2505"]
[BlackElo "2365"]

1.Nf3 Nf6 2.c4 g6 3.g3 Bg7 4.Bg2 O-O 5.d4 d6 6.O-O Nbd7 7.Nc3 e5 8.h3 a5
9.e4 exd4 10.Nxd4 Re8 11.Be3 Nc5 12.Qc2 Bd7 13.Rfe1 Qc8 14.Kh2 Re5 15.f3 Rh5
16.h4 Re5 17.Rad1 Re8 18.Ndb5 Ne6 19.b3 Nh5 20.Nd5 Qd8 21.f4 c6 22.Nxd6 cxd5
23.Nxe8 Bxe8 24.exd5 Nexf4 25.gxf4 Qxh4+ 26.Kg1 Nxf4 27.Bxf4 Qxf4 28.Re4 Qf5
29.c5 Be5 30.Qe2 f6 31.a3 h5 32.Qe3 g5 33.Rf1 Qg6 34.Rxe5 fxe5 35.Be4  1-0

[Event "Baden-Baden-B"]
[Site "Baden-Baden"]
[Date "1992.??.??"]
[Round "2"]
[White "Schlosser, Philipp"]
[Black "Mainka, Romuald"]
[Result "1-0"]
[WhiteElo "2500"]
[BlackElo "2550"]

1.Nf3 Nf6 2.c4 g6 3.g3 Bg7 4.Bg2 O-O 5.d4 d6 6.O-O c6 7.b3 Qa5 8.Qd2 Qc7
9.Nc3 e5 10.Ba3 Rd8 11.Rfd1 e4 12.Ng5 d5 13.Rac1 h6 14.Nh3 Qd7 15.Nf4 g5
16.Bh3 Qe8 17.Bxc8 Rxc8 18.Ng2 Qd7 19.Ne3 Na6 20.Rc2 b5 21.cxb5 cxb5 22.Bc5 Rd8
23.b4 Nc7 24.a4 bxa4 25.Ra1 Ng4 26.Nxg4 Qxg4 27.Rxa4 Ne6 28.Rca2 Rac8 29.Rxa7 e3
30.Qxe3 Rxc5 31.dxc5 d4 32.Qe4 Qh5 33.Nd5 d3 34.Qxd3 Nd4 35.Ra8  1-0

[Event "Baden-Baden-B"]
[Site "Baden-Baden"]
[Date "1992.??.??"]
[Round "4"]
[White "Hickl, Joerg"]
[Black "Xie Jun"]
[Result "0-1"]
[WhiteElo "2540"]
[BlackElo "2480"]

1.g3 g6 2.Bg2 Bg7 3.c4 Nf6 4.Nf3 O-O 5.O-O c6 6.Qc2 d5 7.b3 Bg4 8.Bb2 Nbd7
9.d3 Re8 10.Nc3 e5 11.h3 Bxf3 12.Bxf3 Nf8 13.e3 Ne6 14.Ne2 d4 15.exd4 Nxd4
16.Nxd4 exd4 17.Rfe1 Nd7 18.b4 Qf6 19.Bg2 Qf5 20.h4 Ne5 21.Re4 Nf3+ 22.Kh1 Rad8
23.Rf4 Ne1 24.Qa4 Qxd3 25.Qxa7 Qd2 26.Qxb7 Qxb2 27.Rxf7 d3 28.Rb1 Qd4 29.Bxc6 Re2
30.Rf4 Qe5 31.Bd5+ Kh8 32.Qb6 Rf8 33.Rxf8+ Bxf8 34.Kg1 d2 35.f4 Qc3 36.Kf1 Re8
37.Rb3  0-1

[Event "Baden-Baden-B"]
[Site "Baden-Baden"]
[Date "1992.??.??"]
[Round "6"]
[White "Hickl, Joerg"]
[Black "Mainka, Romuald"]
[Result "1/2-1/2"]
[WhiteElo "2540"]
[BlackElo "2550"]

1.g3 g6 2.Bg2 Bg7 3.c4 Nf6 4.Nf3 O-O 5.O-O c6 6.b3 d6 7.Bb2 e5 8.d3 Nh5 9.e4 Na6
10.a3 f5 11.b4 Qe7 12.Nbd2 f4 13.d4 Bg4 14.Qb3 exd4 15.Nxd4 Rf7 16.Rae1 fxg3
17.hxg3 Raf8 18.e5 dxe5 19.N4f3 Bxf3 20.Nxf3 e4 21.Ne5 Bxe5 22.Rxe4 Nxg3
23.Rxe5 Ne2+ 24.Rxe2 Qxe2 25.Qc3 Rf6 26.f3 Qe7 27.Re1 Qd7 28.Qe3 Nc7 29.Bxf6 Rxf6
30.Qxa7 Re6 31.Rxe6 Nxe6 32.Qe3 Ng7 33.Kf2 Nf5 34.Bh3 Qf7  1/2-1/2

[Event "Baden-Baden-B"]
[Site "Baden-Baden"]
[Date "1992.??.??"]
[Round "8"]
[White "Brunner, Lucas"]
[Black "Mainka, Romuald"]
[Result "1-0"]
[WhiteElo "2490"]
[BlackElo "2550"]

1.Nf3 Nf6 2.c4 g6 3.g3 Bg7 4.Bg2 O-O 5.O-O c6 6.d4 d6 7.Nc3 Nbd7 8.e4 e5
9.h3 Qb6 10.Re1 exd4 11.Nxd4 Ne8 12.Nb3 a5 13.Be3 Qb4 14.a3 Qxc4 15.Nd4 f6
16.Bf1 Qf7 17.b3 Nc5 18.f4 Kh8 19.f5 gxf5 20.exf5 Rg8 21.Bf2 Bh6 22.Qf3 Nc7
23.Rab1 Nd7 24.Ne4 Ne5 25.Qd1 Bf8 26.b4 axb4 27.axb4 Ra2 28.Re2 Ra3 29.Bg2 Nd3
30.Nc2 Nxf2 31.Rxf2 Ra2 32.Nxd6 Bxd6 33.Qxd6 Nb5 34.Qd3 Qc7 35.g4 Re8 36.Qb3 Ra8
37.Rd1 Qb6 38.Qf7  1-0

[Event "BUL-chT"]
[Site "Bankia"]
[Date "1992.??.??"]
[Round "2"]
[White "Bochev, Krasimir"]
[Black "Atanasov, Gospodin"]
[Result "1-0"]
[WhiteElo "2270"]
[BlackElo "2300"]

1.Nf3 Nf6 2.g3 g6 3.Bg2 Bg7 4.c4 O-O 5.O-O d6 6.d4 Nc6 7.Nc3 Bg4 8.d5 Bxf3
9.exf3 Na5 10.Qe2 c5 11.Bd2 a6 12.f4 Rb8 13.Rab1 b6 14.b3 Qd7 15.Rfe1 Rfe8
16.Nd1 e6 17.Bh3 Qc7 18.dxe6 Nc6 19.Qd3 Nd4 20.exf7+ Kxf7 21.Nc3 Kf8 22.Bg2 b5
23.Nd5 Nxd5 24.Bxd5 b4 25.h4 Qd7 26.Kg2 Qg4 27.f3 Qf5 28.Be4 Qf6 29.h5 gxh5
30.Rh1 Qf7 31.Rbe1 Re7 32.Bxh7 Rxe1 33.Bxe1 Qe8 34.Bf2 Qe2 35.Rxh5 Re8 36.Rd5 Qxa2
37.Be4 a5 38.Rxd6 a4 39.bxa4 b3 40.Rd7 Qxa4 41.Bxd4 Bxd4 42.Rb7 b2 43.Bd5 b1=Q
44.Rxb1 Ke7 45.Qh7+  1-0

[Event "Belfort op"]
[Site "Belfort"]
[Date "1992.??.??"]
[Round "8"]
[White "Gilles, Raphael"]
[Black "Beckemeier, Werner"]
[Result "1/2-1/2"]
[WhiteElo "2285"]
[BlackElo "2400"]

1.c4 Nf6 2.g3 g6 3.Bg2 Bg7 4.Nf3 O-O 5.O-O c6 6.Qc2 d5 7.b3 d4 8.Bb2 c5 9.b4 Nc6
10.bxc5 Nd7 11.d3 Nxc5 12.Nbd2 Nb4 13.Qd1 e5 14.Ba3 a5 15.Ne1 Bd7 16.Nc2 Ba4
17.Nb3 Nxb3 18.axb3 Bxb3 19.Bxb4 axb4 20.Rb1 Ra3 21.Qd2 Bxc2 22.Qxc2 Qe7
23.Qd2 Ra4 24.c5 Qxc5 25.Rfc1 Qa5 26.Rc4 b6 27.Rcxb4 Bh6 28.Qb2 Ra2 29.Qb3 Rxe2
30.Bf1 Ra2 31.Rxb6 Kg7 32.Rb5 Qd2 33.Rb2 Rxb2 34.Qxb2 Qc3 35.Qa2 Qc7 36.Qd5 Rd8  1/2-1/2

[Event "Belgrade IKO"]
[Site "Belgrade"]
[Date "1992.??.??"]
[Round "7"]
[White "Abramovic, Bosko"]
[Black "Nikolic, Zivoslav"]
[Result "1-0"]
[WhiteElo "2505"]
[BlackElo "2475"]

1.c4 Nf6 2.Nf3 g6 3.g3 Bg7 4.Bg2 O-O 5.O-O c6 6.d4 d5 7.cxd5 cxd5 8.Nc3 Nc6
9.Ne5 e6 10.Nxc6 bxc6 11.Bf4 Nd7 12.Qd2 Qb6 13.Rfd1 c5 14.dxc5 Qxc5 15.Rac1 Qb6
16.Be3 Qa6 17.Bd4 Nf6 18.e4 e5 19.Bxe5 dxe4 20.Qd6 Qxd6 21.Rxd6 Be6 22.Rcd1 Rfc8
23.Ra6 Rd8 24.Rxd8+ Rxd8 25.Rxa7 Ng4 26.Bxg7 Kxg7 27.h3 Nf6 28.g4 Rd2 29.b3 Nd5
30.Nxe4 Rd1+ 31.Kh2 Nf4 32.Ng5 h6 33.Nxe6+ Nxe6 34.Ra4 Rd2 35.Kg3 g5 36.h4 Nf4
37.hxg5 hxg5 38.Be4 Ne2+ 39.Kf3 Nc3 40.Ra5 Nxa2 41.Rxg5+ Kf6 42.Rd5 Rb2 43.Rf5+ Ke7
44.Bd5 f6 45.Bc4 Nc1  1-0

[Event "Benidorm op"]
[Site "Benidorm"]
[Date "1992.??.??"]
[Round "4"]
[White "Pigusov, Evgeny"]
[Black "Sanchez Almeyra, Jorge"]
[Result "1-0"]
[WhiteElo "2550"]
[BlackElo "2425"]

1.Nf3 Nf6 2.g3 g6 3.c4 Bg7 4.Bg2 O-O 5.O-O d5 6.cxd5 Nxd5 7.d4 Nc6 8.e4 Nb6
9.d5 Na5 10.Nc3 c6 11.Bg5 h6 12.Bf4 cxd5 13.exd5 Nac4 14.Qe2 g5 15.Bc1 e6
16.h4 g4 17.Nh2 h5 18.Rd1 Qe7 19.Bg5 f6 20.Bc1 f5 21.Bg5 Qf7 22.Rac1 Bd7
23.b3 Ne5 24.dxe6 Bxe6 25.Nb5 Nc6 26.Nd6 Qg6 27.Be3 Ne5 28.Bf4 Nc6 29.Rd2 Kh8
30.Nxb7 Nd4 31.Qd1 Nb5 32.Rd3 Rac8 33.Rxc8 Bxc8 34.Nf1 Re8 35.Ne3 Be5 36.Bxe5+ Rxe5
37.Nc4 Re7 38.Nbd6 Rd7  1-0

[Event "Berliner Sommer"]
[Site "Berlin"]
[Date "1992.??.??"]
[Round "?"]
[White "Loeffler, Stefan"]
[Black "Krogius, Nikolai V"]
[Result "1-0"]
[WhiteElo "2315"]
[BlackElo "2500"]

1.Nf3 Nf6 2.c4 g6 3.g3 Bg7 4.Bg2 O-O 5.O-O c5 6.Nc3 Nc6 7.d4 cxd4 8.Nxd4 d6
9.Nxc6 bxc6 10.Bxc6 Bh3 11.Bxa8 Qxa8 12.f3 Bxf1 13.Kxf1 Rc8 14.Qd3 Nd7 15.Nd5 Ne5
16.Nxe7+ Kf8 17.Qxd6 Nxc4 18.Nxg6+ Kg8 19.Ne7+ Kf8 20.Ng6+ Kg8 21.Ne7+ Kf8
22.Qd7 Rd8 23.Qc7 Rd1+ 24.Kg2 Nd6 25.Bh6 Rxa1 26.Qxd6 Bxh6 27.Nf5+ Kg8 28.Nxh6+  1-0

[Event "Berliner Sommer"]
[Site "Berlin"]
[Date "1992.??.??"]
[Round "?"]
[White "Rotstein, Arkadij"]
[Black "Agnos, Demetrios"]
[Result "0-1"]
[WhiteElo "2515"]
[BlackElo "2410"]

1.c4 Nf6 2.Nf3 g6 3.g3 Bg7 4.Bg2 O-O 5.O-O d6 6.Nc3 Nc6 7.d3 e5 8.Rb1 a5
9.a3 h6 10.b4 axb4 11.axb4 Be6 12.b5 Ne7 13.Nd2 Qc8 14.Qb3 Bh3 15.Nd5 Nfxd5
16.cxd5 Bxg2 17.Kxg2 b6 18.Bb2 f5 19.e4 g5 20.Qc4 Ng6 21.f3 h5 22.Ra1 Rxa1
23.Rxa1 g4 24.fxg4 fxe4 25.Qxe4 Qxg4 26.Qxg4 hxg4 27.Ra4 Ne7 28.Rxg4 Nxd5
29.Nc4 Ra8 30.Kh3 Ra2 31.Bc1 Kf7 32.Bg5 Nc3 33.Ne3 Nxb5 34.Nf5 Bf6 35.Nh6+ Ke6
36.Be3 Re2 37.Bg1 Nd4 38.Bxd4 exd4 39.Rg6 Re5 40.Ng4 Rf5 41.Rh6 b5 42.Rh7 Be7
43.Rh6+ Kd7 44.Rh8 Bd8 45.Rh7+ Kc8 46.Rh8 b4 47.Re8 Rf3 48.Kg2 Rxd3 49.h4 b3
50.Re1 c5 51.h5 Bg5 52.h6 Bxh6 53.Nxh6 c4 54.Nf5 c3 55.Nxd6+ Kd7 56.Nc4 Kd8
57.Kf2 b2 58.Rh1 Rd2+ 59.Kf3 Rc2 60.Na3 Rc1 61.Rh4 c2 62.Rxd4+ Ke8 63.Re4+ Kd7
64.Rd4+ Ke6 65.Re4+ Kd5 66.Nxc2 b1=Q  0-1

[Event "Biel op"]
[Site "Biel"]
[Date "1992.??.??"]
[Round "9"]
[White "Cvitan, Ognjen"]
[Black "Sanchez Almeyra, Jorge"]
[Result "1-0"]
[WhiteElo "2550"]
[BlackElo "2405"]

1.Nf3 Nf6 2.c4 g6 3.g3 Bg7 4.Bg2 O-O 5.O-O d5 6.cxd5 Nxd5 7.d4 Nc6 8.Nc3 Nb6
9.e3 e5 10.d5 Na5 11.e4 c6 12.Bg5 f6 13.Be3 cxd5 14.Bxb6 Qxb6 15.Nxd5 Qd8
16.Rc1 Bg4 17.Rc7 Rf7 18.Rxf7 Kxf7 19.Nxe5+ fxe5 20.Qxg4 Kg8 21.h4 Nc6 22.h5 gxh5
23.Qxh5 h6 24.Bh3 Qg5 25.Be6+ Kh8 26.Qxg5 hxg5 27.Kg2 Bf8 28.Rh1+ Kg7 29.Bf5 Kf7
30.Nc7 Rb8 31.Rh7+ Kg8 32.Nd5 Bg7 33.Rh5  1-0

[Event "SWE-chB"]
[Site "Borlange"]
[Date "1992.??.??"]
[Round "6"]
[White "Eriksson, Anders"]
[Black "Eriksson, Jorgen"]
[Result "1-0"]
[WhiteElo "2270"]
[BlackElo "2220"]

1.Nf3 Nf6 2.c4 g6 3.g3 Bg7 4.Bg2 O-O 5.O-O d6 6.Nc3 Nc6 7.d3 a6 8.Rb1 Ng4
9.Bd2 e5 10.b4 f5 11.a4 h6 12.b5 axb5 13.axb5 Ne7 14.c5 d5 15.h3 e4 16.hxg4 exf3
17.exf3 d4 18.Qb3+ Kh7 19.Nd1 fxg4 20.fxg4 c6 21.g5 h5 22.bxc6 bxc6 23.Qb6 Qd7
24.Re1 Ra2 25.Rb2 Nd5 26.Rxa2 Nxb6 27.cxb6 Bb7 28.Ra7 Rf7 29.Nb2 Bf8 30.Bf4 h4
31.Nc4 hxg3 32.Bxg3 Bg7 33.Nd6 Qd8 34.Nxf7 Qxb6 35.Rea1 Qb3 36.Nd6 Qxd3 37.Rxb7 Qc3
38.Raa7  1-0

[Event "SWE-ch"]
[Site "Borlange"]
[Date "1992.??.??"]
[Round "10"]
[White "Ornstein, Axel"]
[Black "Degerman, Lars"]
[Result "1/2-1/2"]
[WhiteElo "2435"]
[BlackElo "2460"]

1.Nf3 Nf6 2.c4 g6 3.g3 Bg7 4.Bg2 O-O 5.d4 d6 6.Nc3 Nbd7 7.O-O e5 8.e4 c6
9.Be3 Ng4 10.Bg5 Qb6 11.h3 exd4 12.Na4 Qa6 13.hxg4 b5 14.Be7 Re8 15.Bxd6 bxa4
16.c5 Rxe4 17.Re1 Rxe1+ 18.Qxe1 Nf8 19.Ne5 Bd7 20.Bxf8 Bxe5 21.Qxe5 Rxf8
22.Qxd4 Be6 23.a3 Rb8 24.Rd1 Qe2 25.Rd2 Qxg4 26.Qxg4 Bxg4 27.Bxc6 Rc8 28.Rd6 Be2
29.f4 a6 30.Kf2 Bb5 31.Bxb5 axb5 32.Rd5 Re8 33.f5 gxf5 34.c6 Rc8 35.Rd6 Kf8
36.Ke3 Ke7 37.Rh6 Rg8 38.Kf4 Rg6 39.c7 Rg4+ 40.Kxf5 Rc4 41.Rb6 Rc5+ 42.Ke4 Rxc7
43.Rxb5 Rc2 44.g4 Kf6  1/2-1/2